| 000 | 02115cam a2200313 i 4500 | ||
|---|---|---|---|
| 003 | SA-RiAUC | ||
| 005 | 20241017083314.0 | ||
| 008 | 241017s1976 iq f 00000 ara c | ||
| 024 | 0 | _a00000001009497 | |
| 040 |
_aSA-JeALM _bara _cSA-RiAUC _dAE-DuMBRL _erda |
||
| 050 | 4 | _b.Z39 1976 | |
| 082 | 0 | 4 |
_a250.72 _qSA-RiAUC |
| 090 |
_a250.72 _bز ي د |
||
| 100 | 1 |
_aزيدان، عبد الكريم، _d1917-2014 _eمؤلف. |
|
| 245 | 1 | 0 |
_aمجموعة بحوث فقهية / _cالدكتور عبد الكريم زيدان. |
| 264 | 1 |
_aبغداد : _aبيروت : _bمكتبة القدس ؛ _bمؤسسة الرسالة، _c1976 |
|
| 300 |
_a464 صفحة ؛ _c24 × 17 سم |
||
| 336 |
_aنص _btxt _2rdacontent _3كتاب |
||
| 337 |
_aبدون وسيط _bn _2rdamedia |
||
| 338 |
_aمجلد _bnc _2rdacarrier |
||
| 500 | _aساعدت على نشره جامعة بغداد. | ||
| 504 | _aيشتمل على إرجاعات ببليوجرافية. | ||
| 505 | 2 | _aالمحتويات : تمهيد-تعريف القانون الدولي العام-موضوع البحث-المقصود بالشريعة الإسلامية-هل يوجد في الشريعة قانون دولي عام-الحقائق الدالة على وجود-الحقيقة الأولى وأدلتها-الحقيقة الثانية وأدلتها-الحقيقة الثالثة وأدلتها-الحقيقة الرابعة-تعريف القانون الدولي الإسلامي-خصائصه-الخصيصة الأولى-الخصيصة الثانية-الخصيصة الثالثة-مصادر القانون الدولي الإسلامي-المصدر الأول : القرآن الكريم-المصدر الثاني : السنة النبوية-معناها-ما ورد في السنة النبوية المطهرة-ثالثا : آراء الفقهاء-رابعا : العرف ... وموضوعات أخرى. | |
| 650 | 7 |
_aالفقه الإسلامي _xبحوث _2aucsh |
|
| 650 | 7 |
_aالإسلام _xبحوث _2aucsh |
|
| 942 |
_2ddc _cBOOK _n0 |
||
| 949 |
_aSA-JeALM _d241017 _umohamedma123 _n1 |
||
| 999 |
_c1461 _d1461 |
||